LEADER 01247nam--2200385---450- 001 990001082470203316 005 20050429143407.0 010 $a88-435-2999-4 035 $a000108247 035 $aUSA01000108247 035 $a(ALEPH)000108247USA01 035 $a000108247 100 $a20020528d1983----km-y0itaa50------ba 101 $aita 102 $aIT 105 $aa|||z|||100yy 200 1 $aCinema belga, cinema olandese$eincontri nazionali del cinema$e20. anniversario$eSorrento 6-13 dicembre 1983 210 $a[s.n.e.]$d[1983?] 215 $a1 v.$d29 cm 606 1 $aCinematografo$yOlanda$z1983 606 1 $aCinematografo$yBelgio$z1960- 606 1 $aFestival cinematografici$ySorrento$z1960- 676 $a791.4309492 710 12$aIncontri Internazionali del cinema$e$0553858 801 0$aIT$bsalbc$gISBD 912 $a990001082470203316 951 $aXIII.2. 1328(XVI P 41)$b13848 L.M.$cXV P$d00069712 959 $aBK 969 $aUMA 979 $aCHIARA$b90$c20020528$lUSA01$h1201 979 $aCHIARA$b90$c20020528$lUSA01$h1202 979 $aPATRY$b90$c20040406$lUSA01$h1715 979 $aCOPAT3$b90$c20050429$lUSA01$h1434 996 $aCinema belga, cinema olandese$9978704 997 $aUNISA LEADER 03050nam 22006853 450 001 9910805685803321 005 20231214084507.0 010 $a9783839465325 010 $a383946532X 024 7 $a10.1515/9783839465325 035 $a(CKB)29277128300041 035 $a(MiAaPQ)EBC7374610 035 $a(Au-PeEL)EBL7374610 035 $a(DE-B1597)641199 035 $a(DE-B1597)9783839465325 035 $a(OCoLC)1416140128 035 $a(ScCtBLL)4e0a60d4-8d37-4efe-aa92-15108cfe0152 035 $a(Perlego)3740877 035 $a(OCoLC)1413365023 035 $a(EXLCZ)9929277128300041 100 $a20231214d2023 uy 0 101 0 $aeng 135 $aur||||||||||| 181 $ctxt$2rdacontent 182 $cc$2rdamedia 183 $acr$2rdacarrier 200 14$aThe Discovery of Anxiousness $ePhilosophy and Mysticism in Baroque Portugal 205 $a1st ed. 210 1$aBielefeld :$ctranscript,$d2023. 210 4$d©2023. 215 $a1 online resource (277 pages) 225 1 $aStudien der Kulturwissenschaftlichen Gesellschaft 311 08$a9783837665321 327 $tFrontmatter -- $tContents -- $tPROLOGUE -- $tNOTES AND LIST OF ABBREVIATIONS -- $tCHRONOLOGY -- $tINTRODUCTION -- $tCHAPTER 1 - ENGENDERING JOANA'S LIFE -- $tCHAPTER 2 - RECOLLECTIONS IN JOANA DE JESUS: MEMORY, OBSERVANCE, AND REFUGE -- $tCHAPTER 3 - SITUATIONS OF ANXIOUSNESS IN JOANA DE JESUS -- $tCHAPTER 4 - ANXIOUS SUBJECT: JOANA DE JESUS AND CONTEMPORARY PHILOSOPHY -- $tEPILOGUE - THINKING ANXIOUSNESS -- $tGLOSSARY -- $tBIBLIOGRAPHY -- $tINDEX 330 $aAre anxiety or dread negative stages before freedom, a confrontation with humans' own mortality and finitude? Joana Serrado inaugurates anxiousness as a category of mystical knowledge in this innovative historical and philosophical study. Based on the life and mystical writings of Joana de Jesus, a Cistercian nun, intellectual disciple of Teresa of Avila, this study shows the cultural embeddedness of anxiousness: a feeling akin to the Portuguese term »saudade« (yearning, Sehnsucht). A mystical project that reshapes feminist principles of autonomy, agency and desire. 410 0$aStudien der Kulturwissenschaftlichen Gesellschaft 606 $aSOCIAL SCIENCE / Gender Studies$2bisacsh 610 $aCatholicism. 610 $aCultural History. 610 $aCultural Studies. 610 $aGender Studies. 610 $aGender. 610 $aHistory of Religion. 610 $aMysticism. 610 $aPortugal. 610 $aReligion. 610 $aReligious Studies. 610 $aRomance Studies. 610 $aTeresa of Avila. 615 7$aSOCIAL SCIENCE / Gender Studies. 676 $a248.2/209469 700 $aSerrado$b Joana$01461866 712 02$aTechnische Universittät Chemnitz$4fnd$4http://id.loc.gov/vocabulary/relators/fnd 801 0$bMiAaPQ 801 1$bMiAaPQ 801 2$bMiAaPQ 906 $aBOOK 912 $a9910805685803321 996 $aThe Discovery of Anxiousness$93670701 997 $aUNINA